000 00386 a2200157 4500
001 49398
020 _a8572084533
040 _cAnchieta - Bela Vista
100 _aSypriano, Lilian
240 1 0 _aRubião gatão, o mágico trapalhão!
_lpor
245 1 0 _aRubião gatão, o mágico trapalhão!
300 _a32
362 0 _a2006
650 4 _aLiteratura infanto-juvenil
942 _cBK
999 _c49398
_d49398